Europa Postmediaevalis 2024

محفوظ في:

مؤلفون آخرون: Blažková, Gabriela (المحرر), Matějková, Kristýna (المحرر), Bis, Magdalena (المحرر), Starski, Michał (المحرر), Trzeciecki, Maciej (المحرر)

التنسيق: كتاب

منشور في: Oxford Archaeopress Publishing Ltd 2025

الوسوم: إضافة وسم

لا توجد وسوم, كن أول من يضع وسما على هذه التسجيلة!

رقم الطلب:

LEADER 00828namaa2200217 4500
001 9781805830184
003 UkOxAP
005 20260405155017.0
020 |a 9781805830191 
776 1 |x 9781805830184 
245 0 0 |a Europa Postmediaevalis 2024 
100 1 |a Blažková, Gabriela  |e Editor  |l English 
700 1 |a Matějková, Kristýna  |e Editor  |l English 
700 1 |a Bis, Magdalena  |e Editor  |l English 
700 1 |a Starski, Michał  |e Editor  |l English 
700 1 |a Trzeciecki, Maciej  |e Editor  |l English 
856 4 2 |a http://library.arce.org:8087/Archaeopress/Products/9781805830191 
260 |a Oxford  |b Archaeopress Publishing Ltd  |c 2025 
270 |a Archaeopress Publishing Ltd, Summertown Pavillion, 18 -24 Middle Way, Summertown  |b Oxford  |d United Kingdom  |e OX2 7LG  |k 44-1865-311914  |m info@archaeopress.com 
942 |2 lcc  |c EBOOK 
999 |c 62102  |d 62102